| 000 | 00486nam a22001817a 4500 | ||
|---|---|---|---|
| 999 |
_c193249 _d193249 |
||
| 005 | 20221101112551.0 | ||
| 010 | _aENG-135484 | ||
| 020 | _c150.00 | ||
| 035 | _aEN-119020 | ||
| 037 | _bDBAD/PUB | ||
| 082 | _a305.4 | ||
| 100 | _araj kumar | ||
| 245 |
_aTowards a better world/ _c by raj kumar |
||
| 260 |
_alucknow _bpragati prakashan _c2016 |
||
| 270 |
_aC-2/8, river bank colony _blucknow _e226018 |
||
| 300 |
_a76p. _c21cm(pbk) |
||
| 942 |
_2ddc _cEN _mRAJ _h305.4 |
||